| 000 | 00332nam a22001217a 4500 | ||
|---|---|---|---|
| 020 | _a9780415153140 | ||
| 245 |
_aEarly Modern Conceptions of Property / _cEdited by John Brewer and Susan Staves |
||
| 260 |
_aLondon : _bRouteldge, _c1996. |
||
| 300 | _a599 p. | ||
| 563 | _aPB. | ||
| 650 |
_aLaw, property _9128346 |
||
| 942 |
_2ddc _cBK |
||
| 999 |
_c613346 _d613346 |
||